00499nam a2200181Ia 450000500170000000800410001704000190005804100120007708200160008910000210010524500650012625000090019126000240020050400190022465000180024365100460026185000100030720230103143852.0131103s9999 xx 000 0 und d aLoreto College aEnglish a822.09bTOM aTomlinson, T. B. 2aA study of Elizabethan and Jacobean tragedycT. B. Tomlinson a1964 aviii,293 p.c22 cm. aIncludes index aEnglish Drama aTragedy,1558-1625 - History and Criticism aLCLIB